000 01218nam a2200313Ia 4500
005 20240522150015.0
008 130821s2008 ne gr eng
020 _a9789004165328 (V.1)
020 _a9789004165311 (V.2)
020 _a9789004165304 (V.3)
020 _a9789004165335 (Obra completa)
040 _aCO-BoUCM
_bspa
_cJose A. Gerena (modificó)
_dDavid Moreno (modificó)
041 0 0 _aeng
245 0 0 _aInternational criminal law
_ceditor M. Cherif Bassiouni
250 _a3rd ed
260 _aLeiden (Holanda)
_bMartinus Nijhoff Publishers
_c2008
300 _a3 volúmenes
505 1 _aV. 1. Sources, subjects, and contents. -- V.2 Multilateral and bilateral enforcement mechanisms. -- V.3 International enforcement.
650 0 7 _aCooperación internacional
_911969
650 0 7 _aDelitos internacionales
_97489
650 0 7 _aDerecho internacional
_912776
650 0 7 _aDerecho penal
_912805
650 0 7 _aProcedimiento penal (Derecho internacional)
_922341
650 0 7 _aSeguridad internacional
_924104
690 0 _aDerecho internacional
_912776
700 1 _aBassiouni, M Cherif
_d1937-
_960664
942 _a8
_e3
_mB321i
_cLIBROREF
_2DEWEY
_h345
_n0
999 _c59416
_d59416